Sanat - "Ensimmäinen joulu" - Statistics

Yleistilastot
  • Tätä visaa on pelattu 8 kertaa
  • Keskiarvotulos 49 / 63
Vastaustilastot
Vastaus % Oikein
ensimmäinen
100%
ensimmäinen
100%
Joulu
100%
joulu
100%
joulu
100%
joulu
100%
joulu
100%
joulu
100%
joulu
100%
Joulu
100%
joulu
100%
joulu
100%
joulu
100%
on
100%
on
100%
on
100%
on
100%
on
100%
on
100%
on
100%
on
100%
on
100%
enkeli
83%
ilmoittamaan
83%
Jeesus
83%
Jeesus
83%
jouluna
83%
kuulla
83%
luo
83%
luo
83%
83%
muuttumaton
83%
paimenten
83%
saan
83%
sama
83%
saman
83%
sanoman
83%
syntynyt
83%
syntynyt
83%
tuli
83%
tuo
83%
tuo
83%
viaton
83%
viaton
83%
yhä
83%
jolloin
67%
luokse
67%
paimenien
67%
riemua
67%
itämaan
50%
johdattaen
50%
joka
50%
loistaa
50%
tähtönen
50%
tähtönen
50%
ilmoittaen
33%
loisti
33%
näin
33%
se
33%
viisaita
33%
Yllä
33%
maailmaan
17%
valon
17%
Ehtoja vastaavia visoja ei löytynyt
Tulosjakauma
Jokaisen tuloksen saaneiden osuus
Persentiili vastausten määrän mukaan
Tuloshistoriasi
Et ole pelannut tätä visaa